000 00309nam a2200133Ia 4500
008 240624s9999 xx 000 0 und d
041 _aeng
082 _a920 COS
100 _aCOSBY BILL
245 _aTIME FLIES
260 _c1988
_aNew York
_bBantam Books
300 _a176 : p. : cm. ; 17
365 _cBPS
_b20
999 _c8115
_d8115